Định danh và xác định đặc điểm sinh lý và tiềm năng nuôi trồng của chủng Auricularia sp. nội địa : Luận văn thạc sĩ :Chuyên ngành: Công nghệ sinh học

Guardat en:
Dades bibliogràfiques
Autor principal: Huỳnh, Xuân Vũ
Format: Luận văn
Idioma:Undetermined
Publicat: Đại học Công nghiệp TP. Hồ Chí Minh 2022
Matèries:
Accés en línia:https://opac.iuh.edu.vn/TraCuuTaiLieuSo2XemChiTiet.aspx?Id=120015
Etiquetes: Afegir etiqueta
Sense etiquetes, Sigues el primer a etiquetar aquest registre!
Thư viện lưu trữ: Trung tâm Thư viện - Trường Đại học Công nghiệp TP. Hồ Chí Minh
LEADER 00790nam a2200169Ia 4500
001 UIH_02357
008 230809s9999 xx 000 0 und d
082 |a 660.6 
100 |a Huỳnh, Xuân Vũ 
245 0 |a Định danh và xác định đặc điểm sinh lý và tiềm năng nuôi trồng của chủng Auricularia sp. nội địa : Luận văn thạc sĩ :Chuyên ngành: Công nghệ sinh học 
245 0 |c Huỳnh, Xuân Vũ 
260 |b Đại học Công nghiệp TP. Hồ Chí Minh 
260 |c 2022 
650 |a Công nghệ sinh học; 
856 |u https://opac.iuh.edu.vn/TraCuuTaiLieuSo2XemChiTiet.aspx?Id=120015 
927 |a Luận văn 
980 |a Trung tâm Thư viện - Trường Đại học Công nghiệp TP. Hồ Chí Minh